000 00407nam a22001337a 4500
020 _a9788178442211
082 _a327
100 _aKishore Raghwendra
245 _aInternational relations
260 _aNew Delhi
_bK.K publications
_c2014
300 _a256p
942 _cBK
999 _c3139
_d3139